Normal view
MARC view
- Operations research
Entry Topical Term
001 - CONTROL NUMBER
- control field: 107776
003 - CONTROL NUMBER IDENTIFIER
- control field: NUST
005 - DATE AND TIME OF LATEST TRANSACTION
- control field: 20230126132133.0
008 - FIXED-LENGTH DATA ELEMENTS
- fixed length control field: 230126|| aca||aabn | a|a d
040 ## - CATALOGING SOURCE
- Original cataloging agency: NUST
- Transcribing agency: NUST
150 ## - HEADING--TOPICAL TERM
- Topical term or geographic name entry element: Operations research
- General subdivision: Outlines, syllabi, etc
670 ## - SOURCE DATA FOUND
- Source citation: Work cat.: (NUST)184958: Bronson, Richard. 36440, Schaum's outline of theory and problems of operations research / , c1982.
